Austragungsorte Deutschland-Spiele bei Fußball-Weltmeisterschaften - Statistiken

Allgemein
  • Dieses Quiz wurde 70 mal gespielt
  • Das Durchschnittsergebnis liegt bei 61 aus 112
Antwortstatistiken
Jahr Spielrunde Gegner Ergebnis Austragungsort % Korrekt
1974 Finale Niederlande 2:1 München
97%
2006 Vorrunde Costa Rica 4:2 München
97%
2006 Achtelfinale Schweden 2:0 München
97%
1974 Vorrunde Chile 1:0 Berlin
95%
2006 Vorrunde Ekuador 3:0 Berlin
95%
2006 Viertelfinale Argentinien 4:2 i.E. Berlin
95%
2006 Vorrunde Polen 1:0 Dortmund
90%
2006 Halbfinale Italien 0:2 n.V. Dortmund
90%
2014 Viertelfinale Frankreich 1:0 Rio de Janeiro
89%
2014 Finale Argentinien 1:0 n.V. Rio de Janeiro
89%
2006 Spiel um Platz 3 Portugal 3:1 Stuttgart
89%
1938 Achtelfinale Schweiz 1:1 n.V. Paris
85%
1938 Wiederholungsspiel (Achtelfinale) Schweiz 2:4 Paris
85%
1998 Vorrunde USA 2:0 Paris
85%
1934 Halbfinale Tschechoslowakei 1:3 Rom
85%
1990 Finale Argentinien 1:0 Rom
85%
1974 Vorrunde Australien 3:0 Hamburg
82%
1974 Vorrunde DDR 0:1 Hamburg
82%
2018 Vorrunde Mexiko 0:1 Moskau
82%
1998 Viertelfinale Kroatien 0:3 Lyon
80%
1954 Vorrunde Türkei 4:1 Bern
79%
1954 Finale Ungarn 3:2 Bern
79%
1934 Viertelfinale Schweden 2:1 Mailand
79%
1990 Vorrunde Jugoslawien 4:1 Mailand
79%
1990 Vorrunde VAE 5:1 Mailand
79%
1990 Vorrunde Kolumbien 1:1 Mailand
79%
1990 Achtelfinale Niederlande 2:1 Mailand
79%
1990 Viertelfinale Tschechoslowakei 1:0 Mailand
79%
1982 Zwischenrunde England 0:0 Madrid
77%
1982 Zwischenrunde Spanien 2:1 Madrid
77%
1982 Finale Italien 1:3 Madrid
77%
1990 Halbfinale England 4:3 i.E. Turin
77%
1974 Zwischenrunde Polen 1:0 Frankfurt
75%
2010 Vorrunde Ghana 1:0 Johannesburg
75%
2002 Halbfinale Südkorea 1:0 Seoul
75%
1966 Finale England 2:4 n.V. London
74%
2010 Viertelfinale Argentinien 4:0 Kapstadt
70%
1974 Zwischenrunde Jugoslawien 2:0 Düsseldorf
69%
1974 Zwischenrunde Schweden 4:2 Düsseldorf
69%
1982 Halbfinale Frankreich 5:4 i.E. Sevilla
69%
1954 Play-Off Türkei 7:2 Zürich
69%
1978 Vorrunde Polen 0:0 Buenos Aires
67%
1978 Zwischenrunde Italien 0:0 Buenos Aires
67%
1966 Halbfinale Sowietunion 2:1 Liverpool
67%
1994 Viertelfinale Bulgarien 1:2 New York / New Jersey / East Rutherford
67%
1954 Vorrunde Ungarn 3:8 Basel
66%
1954 Halbfinale Österreich 6:1 Basel
66%
1970 Halbfinale Italien 3:4 n.V. Mexico City
64%
1970 Spiel um Platz 3 Uruguay 1:0 Mexico City
64%
1986 Finale Argentinien 2:3 Mexico City
64%
1934 Spiel um Platz 3 Österreich 3:2 Neapel
64%
1966 Vorrunde Argentinien 0:0 Birmingham
61%
1966 Vorrunde Spanien 2:1 Birmingham
61%
1962 Vorrunde Italien 0:0 Santiago de Chile
59%
1962 Vorrunde Schweiz 2:1 Santiago de Chile
59%
1962 Vorrunde Chile 2:0 Santiago de Chile
59%
1962 Viertelfinale Jugoslawien 0:1 Santiago de Chile
59%
2002 Finale Brasilien 0:2 Yokohama
57%
2014 Halbfinale Brasilien 7:1 Belo Horizonte
56%
1954 Viertelfinale Jugoslawien 2:0 Genf
54%
2018 Vorrunde Schweden 2:1 Sotschi
54%
1958 Vorrunde Argentinien 3:1 Malmö
52%
1958 Vorrunde Nordirland 2:2 Malmö
52%
1958 Viertelfinale Jugoslawien 1:0 Malmö
52%
1994 Vorrunde Südkorea 3:2 Dallas
51%
2010 Vorrunde Australien 4:0 Durban
51%
2010 Halbfinale Spanien 0:1 Durban
51%
1994 Vorrunde Bolivien 1:0 Chicago
48%
1994 Vorrunde Spanien 1:1 Chicago
48%
1994 Achtelfinale Belgien 3:2 Chicago
48%
1958 Halbfinale Schweden 1:3 Göteborg
48%
1958 Spiel um Platz 3 Frankreich 3:6 Göteborg
48%
2018 Vorrunde Südkorea 0:2 Kasan
46%
1934 Achtelfinale Belgien 5:2 Florenz
43%
1986 Halbfinale Frankreich 2:0 Guadalajara
43%
1978 Vorrunde Mexiko 6:0 Cordoba
41%
1978 Vorrunde Tunesien 0:0 Cordoba
41%
1978 Zwischenrunde Niederlande 2:2 Cordoba
41%
1978 Zwischenrunde Österreich 2:3 Cordoba
41%
2014 Vorrunde USA 1:0 Recife
41%
1998 Vorrunde Iran 2:0 Montpellier
39%
1998 Achtelfinale Mexiko 2:1 Montpellier
39%
2010 Achtelfinale England 4:1 Bloemfontein
38%
1982 Vorrunde Algerien 1:2 Gijón
38%
1982 Vorrunde Chile 1:4 Gijón
38%
1982 Vorrunde Österreich 1:0 Gijón
38%
1998 Vorrunde Ex-Jugoslawien 2:2 Lens
36%
2014 Achtelfinale Algerien 2:1 n.V. Porto Alegre
34%
2002 Vorrunde Saudi-Arabien 8:0 Sapporo
34%
2014 Vorrunde Ghana 2:2 Fortaleza
33%
2010 Vorrunde Serbien 0:1 Port Elizabeth / Gqeberha
31%
2010 Spiel um Platz 3 Uruguay 3:2 Port Elizabeth / Gqeberha
31%
2014 Vorrunde Portugal 4:0 Salvador
28%
1966 Vorrunde Schweiz 5:0 Sheffield
23%
1966 Viertelfinale Uruguay 4:0 Sheffield
23%
1970 Vorrunde Marokko 2:1 Léon
18%
1970 Vorrunde Bulgarien 5:2 Léon
18%
1970 Vorrunde Peru 3:1 Léon
18%
1970 Viertelfinale England 3:2 n.V. Léon
18%
2002 Viertelfinale USA 1:0 Ulsan
13%
1958 Vorrunde Tschechoslowakei 2:2 Helsingborg
8%
2002 Achtelfinale Paraguay 1:0 Seogwipo
7%
1986 Vorrunde Uruguay 1:1 Queretaro
5%
1986 Vorrunde Schottland 2:1 Queretaro
5%
1986 Vorrunde Dänemark 0:2 Queretaro
5%
2002 Vorrunde Kamerun 2:0 Shizuoka
3%
2022 Vorrunde Spanien 1:1 Al Khor
2%
2022 Vorrunde Costa Rica 4:2 Al Khor
2%
2022 Vorrunde Japan 1:2 Al Rayyan
2%
2002 Vorrunde Irland 1:1 Ibaraki
2%
1986 Achtelfinale Marokko 1:0 San Nicolás de los Garza
0%
1986 Viertelfinale Mexiko 4:1 n.V. San Nicolás de los Garza
0%
Keine übereinstimmenden Quizze gefunden
Verteilung der Resultate
Anzahl Personen mit jedem Resultat
Perzentil nach korrekt beantworteten Fragen
Ihre Resultats-Entwicklung
Sie haben dieses Quiz noch nicht gespielt